Газовые сети и газохранилища: учебник

التفاصيل البيبلوغرافية
المؤلف الرئيسي: Гольянов А. И. Андрей Иванович
الملخص:Описаны методы проектирования и способы: эксплуатации систем газоснабжения и газораспределения, газорегуляторных пунктов и станций, подземных газохранилищ природного газа, систем транспорта, хранения, распределения и использования сжиженных углеводородных газов. Для студентов вузов и слушателей институтов дополнительного профессионального образования, обучающихся по специальности 130500 "Проектирование, сооружение и эксплуатация газонефтепроводов и газонефтехранилищ".
اللغة:الروسية
منشور في: Уфа, Монография, 2008
الموضوعات:
التنسيق: كتاب
KOHA link:https://koha.lib.tpu.ru/cgi-bin/koha/opac-detail.pl?biblionumber=147326

MARC

LEADER 00000nam0a2200000 4500
001 147326
005 20231101221303.0
010 |a 9785949200858 
035 |a (RuTPU)RU\TPU\book\159681 
090 |a 147326 
100 |a 20081112d2008 m y0rusy50 ca 
101 0 |a rus 
102 |a RU 
105 |a a j 001zy 
200 1 |a Газовые сети и газохранилища  |e учебник  |f А. И. Гольянов 
210 |a Уфа  |c Монография  |d 2008 
215 |a 376 с.  |c ил. 
320 |a Библиогр.: с. 371-375. 
330 |a Описаны методы проектирования и способы: эксплуатации систем газоснабжения и газораспределения, газорегуляторных пунктов и станций, подземных газохранилищ природного газа, систем транспорта, хранения, распределения и использования сжиженных углеводородных газов. Для студентов вузов и слушателей институтов дополнительного профессионального образования, обучающихся по специальности 130500 "Проектирование, сооружение и эксплуатация газонефтепроводов и газонефтехранилищ". 
606 1 |a Газопроводы наружные  |2 stltpush  |3 (RuTPU)RU\TPU\subj\5167  |9 33305 
610 1 |a газораспределительные сети 
610 1 |a природный газ 
610 1 |a гидравлический расчет 
610 1 |a регуляторы давления 
610 1 |a газорегуляторные станции 
610 1 |a газовые смеси 
610 1 |a гидравлический режим 
610 1 |a газовые сети 
610 1 |a трубы 
610 1 |a арматура 
610 1 |a газоснабжение 
610 1 |a внутренние устройства 
610 1 |a хранилища 
610 1 |a газозаправочные станции 
610 1 |a сжиженные углеводородные газы 
610 1 |a транспорт 
610 1 |a хранение 
610 1 |a кустовые площади 
610 1 |a газонаполнительные станции 
610 1 |a резервуары 
610 1 |a баллонные установки 
610 1 |a учебники 
610 1 |a газонефтепроводы 
610 1 |a газонефтехранилища 
675 |a 622.691.4(075.8)  |v 3 
700 1 |a Гольянов  |b А. И.  |g Андрей Иванович 
801 1 |a RU  |b 63413507  |c 20081112  |g PSBO 
801 2 |a RU  |b 63413507  |c 20140723  |g PSBO 
900 |a Газонефтепроводы и газонефтехранилища 
900 |a Сооружение и ремонт резервуарных парков, терминалов и газохранилищ 
942 |c BK 
953 |b 130500  |b 130501 
959 |a 110/20081112  |d 2  |e 1945,00  |f АНЛ:1  |f ЧЗТЛ:1